15 villes les plus peuplées sur l'Allier - Statistiques

Statistiques générales
  • Ce quiz a été pris 25 fois
  • Le résultat moyen est 5 sur 15
Statistiques - réponses
Département Population Commune % Correct
Allier 19206 Moulins
95%
Allier 25115 Vichy
90%
Puy de Dôme 15115 Issoire
48%
Haute Loire 6527 Brioude
38%
Puy de Dôme 19951 Cournon d'Auvergne
38%
Puy de Dôme 12412 Pont du Château
24%
Allier 3549 Varennes sur Allier
24%
Puy de Dôme 5396 Vic le Comte
19%
Allier 4074 Avermes
14%
Allier 8943 Bellerive sur Allier
14%
Puy de Dôme 3412 Brassac les Mines
14%
Haute Loire 3499 Langeac
14%
Allier 3579 Saint Germain des Fossés
14%
Puy de Dôme 5413 Le Cendre
10%
Puy de Dôme 3826 Les Martres de Veyre
5%
Aucun quiz correspondant
Distribution des résultats
% des personnes avec chaque résultat
Percentile par nombre de réponses
Votre historique - résultats
Vous n’avez pas pris ce quiz